Т. 1 : Способ наименьших квадратов; Избранные геодезические сочинения

Bibliografske podrobnosti
Parent link:Избранные геодезические сочинения: пер. с латин. и нем./ К. Ф. Гаусс; под ред. С. Г. Судакова. Т. 1 : Способ наименьших квадратов.— , 1957
Jezik:ruščina
Izdano: 1957
Teme:
Format: Knjiga
KOHA link:https://koha.lib.tpu.ru/cgi-bin/koha/opac-detail.pl?biblionumber=140382

MARC

LEADER 00000nam2a2200000 4500
001 140382
005 20231101220841.0
035 |a (RuTPU)RU\TPU\book\152080 
090 |a 140382 
100 |a 20080627d1957 k y0rusy50 ca 
101 1 |a rus 
102 |a RU 
105 |a a z 000zy 
200 0 |a Т. 1 : Способ наименьших квадратов 
210 |d 1957 
215 |a 152 с.  |c ил. 
461 1 |0 (RuTPU)RU\TPU\book\159573  |t Избранные геодезические сочинения  |o пер. с латин. и нем.  |f К. Ф. Гаусс  |g под ред. С. Г. Судакова  |v Т. 1 : Способ наименьших квадратов  |d 1957 
606 1 |a Геодезия  |2 stltpush  |3 (RuTPU)RU\TPU\subj\6015  |9 33982 
610 1 |a геодезические измерения 
610 1 |a математическая обработка 
610 1 |a метод наименьших квадратов 
675 |a 528  |v 3 
801 1 |a RU  |b 63413507  |c 20080627  |g PSBO 
801 2 |a RU  |b 63413507  |c 20170818  |g PSBO 
942 |c BK